000 003090000a22000970004500
100 1 _aSánchez Cetina, Edesio
245 1 0 _a"La fe viene por el oir" : Aspecto orales de la Biblia en el lenguaje sencillo
300 _aVol. 56, Núm 253 (2001), Páginas 8-12
773 0 _tLa Biblia de las Américas
942 _cANA
999 _c51621
_d51621